00629nam a22002057a 450000500170000000800410001704000070005824500090006525000290007449000240010352001770012765000140030465000130031865000100033165000140034165000140035594200120036999900150038195200270039620250519152216.0250519b |||||||| |||| 00| 0 eng d cDO aCuba aJune 1999 Vol. 195 No. 6 aNational Geographic aCuba, The Rebirth of Old Havana, A Dinosaur Named Sue, John Glenn: Man With a Mission, Tam Dao- Sanctuary Under Siege, Ancient Art of the Sahara, Deep Soul of the New River xEVOLUTION xDINOSAUR xSPACE xSANCTUARY xDISCOVERY 2ddccCR c5543d5543 aDObDOpDSMSR061999-42